| 000 | 00997nam a2200253 a 4500 | ||
|---|---|---|---|
| 001 | 000008231 | ||
| 005 | 20200929161322.0 | ||
| 008 | 090915s1998 dr 000 m spa d | ||
| 040 |
_aDO-SdBNP _bspa _cBNPHU |
||
| 082 |
_a809.933353 _bC355p |
||
| 100 | 1 |
_aCastro Ventura, Santiago, _d1949- _9775 |
|
| 245 | 1 | 3 |
_aLo patológico en la inspiración literaria / _cSantiago Castro Ventura ; prólogo Julio Demorizi. |
| 260 |
_aSanto Domingo : _bAsociación Médica Dominicana, _c1998. |
||
| 300 |
_a252 p. ; _c21 cm. |
||
| 504 | _aIncluye bibliografía y notas al final de capítulos. | ||
| 504 | _aBibliografía: p.245-252. | ||
| 586 | _aEnsayo laureado en certamen literario AMD. | ||
| 590 | _aInventariado, 2018/ YL | ||
| 650 | 4 |
_aLiteratura y trastornos mentales _922319 |
|
| 650 | 4 |
_aLiteratura _xHistoria y crítica _xEnsayos, conferencias, etc. _922320 |
|
| 650 | 4 |
_aMedicina en la literatura _922321 |
|
| 700 | 1 |
_aDemorizi, Julio, _epról. _922322 |
|
| 910 | _aValidado. Control de calidad EMS | ||
| 999 |
_c8002 _d8002 |
||